| 000 | 00775nam a22002297a 4500 | ||
|---|---|---|---|
| 999 |
_c6253 _d6253 |
||
| 003 | AR-CdUCM | ||
| 008 | 190314b ||||| |||| 00| 0 spa d | ||
| 040 |
_aMUNICIPALIDAD PROVINCIAL DEL CUSCO _cBIBLIOTECA MUNICIPAL DEL CUSCO |
||
| 082 |
_a869.56 / _bG25 |
||
| 100 |
_aGarrido Malaver, Julio _92596 |
||
| 245 | _aPoesía Uno / | ||
| 260 |
_aLima : _bGráfica Labor ; _c1988. |
||
| 300 |
_a237 páginas ; _c21cm |
||
| 505 | _aContenido: Poesía | ||
| 650 |
_aPoesía peruana _911982 |
||
| 650 |
_aLiteratura peruana _97175 |
||
| 700 |
_aPromoción Cultural del Banco Industrial del Perú _917991 |
||
| 700 |
_aAsesoría Cultural de la Universidad Nacional Pedro Ruiz Gallo de Lambayeque _917992 |
||
| 710 |
_aCONCYTEC _92809 |
||
| 942 |
_2ddc _cLIBROS |
||
| 945 | _anom | ||